Dos Argentinas : | Arturo Jauretche-Victoria Ocampo : correspondencia inédita : Sus vidas, sus ideas (Registro nro. 1429)
[ vista simple ]
| 000 -CABECERA | |
|---|---|
| fixed length control field | 00907nam a22002537a 4500 |
| 003 - CONTROL NUMBER IDENTIFIER | |
| control field | AR-BeUNQ |
| 005 - FECHA Y HORA DE LA ULTIMA TRANSACCION | |
| control field | 20251127144950.0 |
| 008 - ELEMENTOS DE LONGITUD FIJA-INFORMACION GENERAL | |
| fixed length control field | 251127b |||||||| |||| 00| 0 spa d |
| 020 ## - NUMERO INTERNACIONAL NORMALIZADO PARA LIBROS | |
| Número Internacional Normalizado del libro | 9789877711745 |
| 040 ## - FUENTE DE CATALOGACION | |
| Agencia de catalogación original | AR-BeUNQ |
| Idioma de catalogación | ESPAÑOL |
| Agencia que realiza la transcripción | AR-BeUNQ |
| Convenciones de la descripción | aacr |
| 082 ## - NUMERO DE CLASIFICACION DECIMAL DEWEYMBER | |
| Número de la edición | 21 |
| Número de clasificación | 982 GAL |
| 100 01 - ASIENTO PRINCIPAL-NOMBRE PERSONAL | |
| Nombre personal | Galasso, Norberto. |
| Títulos u otras palabras asociadas al nombre | autor |
| Fecha asociada al nombre | 1936 |
| Término relacionador | aut. |
| 245 ## - MENCION DE TITULO | |
| Título | Dos Argentinas : |
| Otra información sobre el título | Arturo Jauretche-Victoria Ocampo : correspondencia inédita : Sus vidas, sus ideas |
| Mención de responsabilidad, etc | Norberto Galasso. |
| Medio físico | Libro. |
| 250 ## - MENCION DE EDICION | |
| Mención de edición | 3a.ed |
| 260 ## - PUBLICACION, DISTRIBUCION, ETC. | |
| Lugar de publicación, distribución, etc. | Rosario : |
| Nombre del editor, distribuidor, etc. | Homo Sapiens, |
| Fecha de publicación, distribución, etc | 2023 |
| 300 ## - DESCRIPCION FISICA | |
| Extensión | 244 p. ; |
| Dimensiones | 23 cm |
| 490 ## - MENCION DE SERIE | |
| Mención de serie | Identidades Bonaerenses |
| 500 ## - NOTA GENERAL | |
| Nota general | Estudios historico culturales. |
| 600 ## - ASIENTO SECUNDARIO DE MATERIA - NOMBRE PERSONAL | |
| Nombre personal | Correspondencia |
| 650 ## - ASIENTO SECUNDARIO DE MATERIA - TERMINO TEMATICO | |
| Fuente del encabezamiento o términ | spines |
| Término temático o nombre geográfico como elemento de entrada | Historia |
| 651 ## - ASIENTO SECUNDARIO DE MATERIA - NOMBRE GEOGRAFICO | |
| Fuente del encabezamiento o término | unescot. |
| Nombre geográfico | Argentina. |
| 929 ## - DATOS DE ADQUISICION | |
| Procedencia | DONACION |
| Proveedor | Direccion General de Cultura y Educacion de la Pcia de Buenos Aires |
| Orden de compra | 0 |
| Precio | 0 |
| Fecha de recibido | 05/11/2024 |
| Patrimonio UNQ | PAT 0082627 |
| Número de inventario | 63712 |
| 942 ## - ELEMENTOS DE PUNTO DE ACCESO ADICIONAL (KOHA) | |
| Tipo de ítem Koha | Libros |
| Estado de retiro | Estado de pérdida | Ubicación permanente | Ubicación actual | Ubicación en estantería | Fecha de ingreso | Total Checkouts | Signatura topográfica completa | Inventario | Date last seen | Tipo de ítem Koha | Operador |
|---|---|---|---|---|---|---|---|---|---|---|---|
| Biblioteca ESET - UNQ | Biblioteca ESET - UNQ | SALA | 27/11/2025 | 982 GAL | 63712 | 27/11/2025 | Libros | Gladys Alarcon |